Diverse biological activities displayed by phenothiazines, benzo[a]phenothiazines and benz[c]acridins (Review)

This review summarizes our experiments which are investigating the relationship between the structure and activity of mainly phenothiazines, benzo[a]phenothiazines and benz[c]acridines. Phenothiazines had potent antiplasmid and antibacterial activities, but induced weak antimicrobial activity in viv...

Teljes leírás

Elmentve itt :
Bibliográfiai részletek
Szerzők: Molnár József
Sakagami Hiroshi
Motohashi Noboru
Dokumentumtípus: Cikk
Megjelent: 1993
Sorozat:ANTICANCER RESEARCH 13 No. 4
Tárgyszavak:
mtmt:1903094
Online Access:http://publicatio.bibl.u-szeged.hu/32146
LEADER 02184nab a2200229 i 4500
001 publ32146
005 20250320095417.0
008 250320s1993 hu o 000 eng d
022 |a 0250-7005 
024 7 |a 1903094  |2 mtmt 
040 |a SZTE Publicatio Repozitórium  |b hun 
041 |a eng 
100 1 |a Molnár József 
245 1 0 |a Diverse biological activities displayed by phenothiazines, benzo[a]phenothiazines and benz[c]acridins (Review)  |h [elektronikus dokumentum] /  |c  Molnár József 
260 |c 1993 
300 |a 1019-1025 
490 0 |a ANTICANCER RESEARCH  |v 13 No. 4 
520 3 |a This review summarizes our experiments which are investigating the relationship between the structure and activity of mainly phenothiazines, benzo[a]phenothiazines and benz[c]acridines. Phenothiazines had potent antiplasmid and antibacterial activities, but induced weak antimicrobial activity in vivo. Their antiplasmid activity seemed to be enhanced by Cl- or CF3- substitution at the 2C position of phenothiazines and modified by the side-chain length and hydrophobicity. Benzo[a]phenothiazines did not show any significant antiplasmid or antibacterial activity, but stimulated the differentiation of human myelogenous leukemic cell lines and natural killing activity of human peripheral blood mononuclear cells in vitro, and induced antimicrobial activity in vivo. Circuit current energy (CRE), circuit current (CC), bond current (BC), diatropic and paratropic properties of benzo[a]phenothiazines might be correlated with their biological activity. Benz[a]acridine showed both in vitro and in vivo antimicrobial activities, and carcinogenic activity for skin tumor. The carcinogenic benz[c]acridines showed out-of-phase in the L-region and their energy was accumulated in the K-region of the molecular orbitals. The results suggest the involvement of different molecular orbitals for the expression of various biological activities by phenothiazines, benzo[a]phenothiazines and benz[c]acridines. 
650 4 |a Klinikai orvostan 
700 0 1 |a Sakagami Hiroshi  |e aut 
700 0 1 |a Motohashi Noboru  |e aut 
856 4 0 |u http://publicatio.bibl.u-szeged.hu/32146/1/aok_klny_484_93.pdf  |z Dokumentum-elérés